Giáo trình tư tưởng Hồ Chí Minh (Dành cho sinh viên đại học, cao đẳng khối chuyên ngành Mác-Lênin, tư tưởng Hồ Chí Minh)

Sách gồm 7 chương trình bày đối tượng, phương pháp nghiên cứu và ý nghĩa học tập môn tư tưởng Hồ Chí Minh; cơ sở, quá trình hình thành và phát triển tư tưởng Hồ Chí Minh ... và tư tưởng Hồ Chí Minh về văn hóa, đạo đức và xây dựng c...

Full description

Saved in:
Bibliographic Details
Corporate Author: Bộ Giáo dục và Đào tạo
Format: Book
Language:Undetermined
Published: Hà Nội Chính trị quốc gia - sự thật 2012
Subjects:
Tags: Add Tag
No Tags, Be the first to tag this record!
Institutions: Trung tâm Học liệu Trường Đại học Cần Thơ
LEADER 01144nam a2200217Ia 4500
001 CTU_180539
008 210402s9999 xx 000 0 und d
020 |c 24000 
082 |a 324.2075092 
082 |b B450 
110 |a Bộ Giáo dục và Đào tạo 
245 0 |a Giáo trình tư tưởng Hồ Chí Minh 
245 0 |b (Dành cho sinh viên đại học, cao đẳng khối chuyên ngành Mác-Lênin, tư tưởng Hồ Chí Minh) 
245 0 |c Bộ Giáo dục và Đào tạo 
260 |a Hà Nội 
260 |b Chính trị quốc gia - sự thật 
260 |c 2012 
520 |a Sách gồm 7 chương trình bày đối tượng, phương pháp nghiên cứu và ý nghĩa học tập môn tư tưởng Hồ Chí Minh; cơ sở, quá trình hình thành và phát triển tư tưởng Hồ Chí Minh ... và tư tưởng Hồ Chí Minh về văn hóa, đạo đức và xây dựng con người. 
650 |a Ho Chi Minh 
904 |i Thuý Vi 
980 |a Trung tâm Học liệu Trường Đại học Cần Thơ